000 01302nam0a2200325 4500
001 RU\NLR\bibl\1765547
005 20260408203932.0
010 _a978-5-85582-303-5
_91000
035 _a(NLR Aleph) 001756344
090 _a1550616
_c1550616
100 _a20110224d2010 |||y0rusy50 ca
101 1 _arus
_cund
102 _aRU
105 _aa |||||||||
200 1 _aЛучшие практики внедрения SAP
_e[перевод]
_fДжордж У. Андерсон
210 _aМосква
_cЛори
_d2010
215 _a615 с.
_cил.
_d23
300 _aЗагл. и авт. также на англ. яз.: SAR planning best practices in implementation / Georgre W. Anderson
517 1 _6z22790
_aSAR planning best practices in implementation
606 1 _aПредпринимательство
_xКомпьютеризация
_92064073
_3RU\NLR\auth\661238517
606 _aSAP, информационная система
_3RU\NLR\auth\661555043
_92618483
686 _aЗ988.02
686 _aУ5-13в612
700 1 _aАндерсон
_bД. У.
_4070
790 1 _6z22517
_aGeorgre
_bG. W.
_gGeorgre W.
_4070
801 0 _aRU
_bNLR
_c20110224
_gRCR
801 1 _aRU
_bNLR
_c20110224
942 _cBOOK
980 _aNB